10 questions sur une ville française #5 : CLERMONT-FERRAND - Statistiques

Statistiques générales
  • Ce quiz a été pris 521 fois
  • Le résultat moyen est 8 sur 10
Statistiques - réponses
Question Réponse % Correct
Quelle entreprise pneumatique d'envergure mondiale a vu le jour à Clermont-Ferrand et y possède son siège social ? Michelin
97%
Dans quel sport la ville fait-elle partie de la plus haute ligue française depuis 1925 ? Le rugby
95%
Quel volcan se situe à une dizaine de kilomètres de Clermont-Ferrand ? Le Puy de Dôme
91%
Avec quelle ville Clermont a-t'elle fusionné pour donner naissance à Clermont-Ferrand ? Montferrand
84%
Qui est représenté sur la statue sculptée par Auguste Bartholdi, place de Jaude ? Vercingétorix
83%
Quel célèbre mathématicien français est né à Clermont ? Blaise Pascal
76%
Combien Clermont-Ferrand compte-t-elle d'habitants ? (à 10 000 près) 141 398
73%
Quel classement occupe-t-elle en termes d'habitants en France ? 24ème
62%
Quelle est sa superficie ? (à 10 km² près) 42,67 km²
60%
Quel peuple ayant donné son ancien nom à la ville habitait la région de Clermont-Ferrand ? Les Arvernes
44%
Aucun quiz correspondant
Distribution des résultats
% des personnes avec chaque résultat
Percentile par nombre de réponses
Votre historique - résultats
Vous n’avez pas pris ce quiz